images (140×140)   Dow University of Health Sciences Library Catalogue

Welcome to Dow University of Health Sciences Library Online Public Access Catalog

Managing Clinically Important Drug Interactions. (Record no. 9677)

MARC details
000 -LEADER
fixed length control field 00396nam a2200145Ia 4500
008 - FIXED-LENGTH DATA ELEMENTS--GENERAL INFORMATION
fixed length control field 241014s9999||||xx |||||||||||||| ||und||
020 ## - INTERNATIONAL STANDARD BOOK NUMBER
International Standard Book Number 1-57439-222-0
060 ## - NATIONAL LIBRARY OF MEDICINE CALL NUMBER
Classification number QV 39 H 2005
100 ## - MAIN ENTRY--PERSONAL NAME
Personal name Philip D. Hansten, John R. Horn
245 #0 - TITLE STATEMENT
Title Managing Clinically Important Drug Interactions.
260 ## - PUBLICATION, DISTRIBUTION, ETC.
Name of publisher, distributor, etc. Facts and Comparisons
Date of publication, distribution, etc. 2005
300 ## - PHYSICAL DESCRIPTION
Extent 713
650 ## - SUBJECT ADDED ENTRY--TOPICAL TERM
Topical term or geographic name entry element Pharmacology
942 ## - ADDED ENTRY ELEMENTS (KOHA)
-- DIMC
Koha item type Books

No items available.




©2026, All rights reserved. Dow University of Health Sciences, Karachi, Pakistan.